La exteriorización de bienes inmuebles y las implicancias futuras en la tributación local (Registro nro. 15856)

Detalles MARC
000 -LEADER
fixed length control field 00369 a2200109 4500
001 - CONTROL NUMBER
control field ART_43308
005 - DATE AND TIME OF LATEST TRANSACTION
control field 20260410161708.0
008 - FIXED-LENGTH DATA ELEMENTS--GENERAL INFORMATION
fixed length control field 260409a
100 1# - MAIN ENTRY--PERSONAL NAME
Personal name Mastandrea, Alberto F.
245 10 - TITLE STATEMENT
Title La exteriorización de bienes inmuebles y las implicancias futuras en la tributación local
773 0# - HOST ITEM ENTRY
Title Revista Impuestos
Related parts - Nº 4 (abr. 2017)
Record control number REV639

No hay ítems disponibles.